000
00306nam a2200121Ia 4500
008
240112s1957-58 xx 000 0 und d
041
_a
eng
082
_a
616.3403
100
_a
GORDEN G.
245
_a
THE YEAR BOOK OF ENDOCRINOLOGY (Y/B SERIES)
260
_b
THE Y/B PUB
_c
1957-58
300
_a
381,HB
999
_c
1142439
_d
1142439